Datum a čas kvízu
32.5
Celkem bodů
Celkový počet nahraných bodů na tomto kvízu bez doplňovacích otázek.
11.
Pořadí na kvízu
Konečné umístění týmu na tomto kvízu.
Zaznamenané odpovědi
| # | Otázka | Odpověď | Body | Výsledky |
|---|---|---|---|---|
| 1. | Zástupci české armády v posled... | Leopard | 1 | |
| 2. | Který český ministr absolvoval... | Marek Výborný | 0 | |
| 3. | Na Velký pátek se to v O<sub>2... | Judas Priest | 1 | |
| 4. | Minulý týden si žena na severu... | s bambulí (od čepice) | 1 | |
| 5. | Kterými slovy na KF se nazývá... | kolem Flander | 1 | |
| 6. | Věříme, že ovládáte velkou pal... | Řecko | 1 | |
| 7. | Zhruba 56 tisíc lidí obývá ost... | Grónsko | 0 | |
| 8. | Vyberte zemi, jejíž zkratka ná... | C | 1 | |
| 9. | Švýcarsko má čtyři úřední jazy... | 1A 2B 3D 4C | 1 | |
| 10. | Na snímku z letiště můžete spa... | Dublin | 1 |